Abul Kalam Azad (Record no. 9011)

MARC details
000 -LEADER
fixed length control field 00659nam a2200265 a 4500
020 ## - INTERNATIONAL STANDARD BOOK NUMBER
ISBN 8171008
082 00 - DEWEY DECIMAL CLASSIFICATION NUMBER
Classification number 320.55
Author Cutter GRO
100 ## - MAIN ENTRY--AUTHOR NAME
Author name Grover, Verinder
245 ## - TITLE STATEMENT
Title Abul Kalam Azad
260 ## - PUBLICATION, DISTRIBUTION, ETC. (IMPRINT)
Place of publication Delhi
Name of publisher Deep and Deep Publications
Year of publication 1993
300 ## - PHYSICAL DESCRIPTION
Number of Pages 575p
500 ## - GENERAL NOTE
General note includes index and biblioraphy
505 2# - FORMATTED CONTENTS NOTE
Formatted contents note Appendices, Index
650 ## - SUBJECT ADDED ENTRY--TOPICAL TERM
Topical Term Abul Kalam Azad
650 ## - SUBJECT ADDED ENTRY--TOPICAL TERM
Topical Term India-Politics
650 ## - SUBJECT ADDED ENTRY--TOPICAL TERM
Topical Term India-Education
942 ## - ADDED ENTRY ELEMENTS (KOHA)
Koha item type Books
700 1# -
-- Grover, Verinder
Holdings
Home library Current library Date acquired Cost, normal purchase price Full call number Accession Number Koha item type
Henry Martyn Institute Library Henry Martyn Institute Library 04/05/2007 600.00 320.55 GRO 014704 E-Books
                   Copyright © 2026 | Henry Martyn Institute | Hyderabad | TS-500052 | INDIA | Implemented by hmi.edu.in
Hit-Count:

Powered by Koha